[Event "Kirishi (Russia)"]
[Site "?"]
[Date "2004.06.27"]
[Round "9"]
[White "Kuzubov, Yuriy"]
[Black "Khairullin, Ildar"]
[Result "0-1"]
[WhiteElo "2475"]
[BlackElo "2481"]
[Annotator "MI Vladimir Barsky"]
[PlyCount "74"]
[EventDate "2004.??.??"]

{No mes de Junho desse ano aconteceu em Kirishi um torneio para a juventude.
Eu estava la como tecnico de um futuro campeao de apenas 13 anos de idade:
Ildar Khairullin e abaixo analisaremos uma partida que ele jogou contra o MI
Jury Kuzubov da Ucrania.}
1. d4 Nf6 2. c4 c5 3. d5 b5 4. cxb5 a6 5. f3 d6 6. e4 g6 7. Na3
{Eu creio que este bastante raro plano no Gambito Volga nao e
perigoso para as pretas.}
7... Bg7 8. Ne2 O-O 9. Nc3 e6 10. Be2
{
Apos este lance, o ponto d5 tornou-se bastante vulneravel. Melhor era} (
10. Bc4 {e por exemplo:} 10... exd5 11. Nxd5 Nbd7 12. O-O Nxd5 13. Bxd5 Rb8
14. bxa6 Bxa6 15. Bc4 Qb6 16. Qa4 Bd4+ 17. Kh1 Bxc4 18. Nxc4 Qc7 19. Rd1 Rb4
20. Qc2 $14 {Arencibia,W-Van Riemsdijk,H/Manila 1990.}) 10... exd5 11. exd5
Nbd7 12. O-O Nb6
{Naturalmente as pretas evitam trocar em b5 porque neste caso o
Cavalo de a3 ganha uma casa melhor para jogar. Por isso as pretas completam o
seu desenvolmimento de maneira bem simples e atacam o Peao d5.}
13. Bg5 h6 14. Bh4 g5 15. Bg3
{
Ajudando o oponente a melhorar a posicao dos Cavalos. Era melhor} (15. Bf2
{
imediatamente.}) 15... Nh5 16. Bf2 Nf4 17. Re1 Bb7 (17... Bxc3 18. bxc3
Nbxd5 19. Rc1 $11) 18. bxa6 (18. Bf1 $5) 18... Nxe2+ 19. Qxe2 Bxa6 20. Qd2 Re8
{Esta posicao esta aproximadamente igual: as brancas possuem um Peao a mais,
no entanto as pecas pretas estao mais ativas. As pretas querem trocar ambas as
Torres, pois isto facilita o ataque ao Peao d5.}
21. Rxe8+ Qxe8 22. h4 $5 Qe5 23. Re1 Qf4 24. Qd1 $6 ({Melhor era} 24. Qxf4 gxf4
25. Nab5 Bxb5 26. Nxb5 Nxd5 27. Nxd6 Rxa2 28. Bxc5 Rxb2 $11) 24... Be5 25. g3
Qf5
{
Agora a Dama preta invade o campo inimigo atraves das enfraquecidas casas
brancas.}
26. Re4 $6 (26. hxg5 $5) (26. Kg2 $2 gxh4 27. gxh4 Kh7 $40) 26... Qh3 27. Rxe5
$6 ({Mais teimoso era} 27. Qe1 $5 {e, por exemplo,} 27... Bxc3 28. bxc3 Bd3
29. Re3 Rxa3 30. Rxd3 Rxa2 $15) 27... dxe5 28. Nc2 (28. hxg5 hxg5 29. Qe1 Rd8
$17) 28... f5 $6 ({
As pretas nao viram que apos} 28... gxh4 29. g4 Nc4 30. b3
Nb2 $1 31. Qc1 f5 $19
{as brancas nao poderiam tomar o Cavalo por causa de Df1+.}) 29. Ne3 Nc4 $1
{Muito bom: as brancas conseguiram melhorar a posicao do
Cavalo a3, por isso as pretas querem troca-lo.} (
29... gxh4 30. g4 {
leva a uma posicao muito aguda.}) 30. Nxc4 Bxc4 31. b3
gxh4 $1 32. g4 fxg4 33. Qb1 (33. bxc4 g3 $19) 33... Ra7 $2 (
{
Uma ideia correta, mas com uma execucao errada. Melhor era} 33... Kh8
34. Qc1 Ra6 35. Qe1 Kh7 $19) ({ou} 33... Ra6 $1 $19) 34. bxc4 $2 (
{
As brancas deixaram escapar um xeque perpetuo:} 34. Qg6+ Rg7 35. Qe6+ $1 (
35. Qe8+ $2 Kh7 $19) 35... Kh7 36. Qf5+ Kh8 37. Qf8+ Kh7 38. Qf5+ Kg8 39. Qe6+)
34... gxf3 $1
{Um belo lance! As brancas ganham uma Torre, mas as
suas pecas nao conseguem defender o Rei.} (
{Se} 34... Rg7 35. Qb8+ Kh7 36. Qb1+ $1 Kh8 37. Qb8+ Rg8 38. Qxe5+) 35. Qb8+
Kf7 36. Qxa7+ Kg6 37. Qb6+ Kh5 0-1

[Event "It"]
[Site "Taiyuan CHN"]
[Date "2004.07.17"]
[Round "1"]
[White "Dreev, A."]
[Black "Ye Jiangchuan"]
[Result "1-0"]
[WhiteElo "2690"]
[BlackElo "2681"]
[Annotator "MI Vladimir Barsky"]
[PlyCount "97"]
[EventDate "2004.07.17"]

1. d4 Nf6 2. c4 g6 3. Nc3 Bg7 4. e4 d6 5. f3 O-O 6. Nge2 Nc6 7. Be3 a6 8. Qd2
Rb8 9. Rc1
{Uma popular linha do Sistema Saemisch na Defesa India do Rei. O
ultimo lance branco temporariamente evita o contra jogo por meio de b7-b5, por
isso as pretas precisam perder um tempo para defender o Cavalo de c6. As
brancas criam um muito perigoso peao central, e as pretas devem ataca-lo o
mais rapido possivel, antes que as brancas completem o seu desenvolvimento.}
9... Bd7 (9... b5 $2 10. cxb5 axb5 11. Nxb5 $16) 10. Nd1 e5 (
{Em uma de suas
partidas anteriores, o forte grande mestre chines jogou outra lihha:} 
10... b5 11. c5 {(este e o motivo de 10.Cd1)} 11... Qe8 12. Nf2 Rd8 13. g3 dxc5
14. Rxc5 Bc8 15. Bg2 Bb7 16. O-O Nd7 17. Rc2 Nb6 18. b3 $14
{
Sasikiran,K-Ye Jiangchuan/Asian Teams, Jodhpur IND 2003}) 11. d5 Ne7 12. Nf2 (
{
Muito agudo era} 12. c5 {e, por exemplo,} 12... Ne8 13. b4 Kh8 14. Nec3 f5
15. Nb2 Nc8 16. Be2 Nf6 17. Nc4 $36 {Graf,A-Mamedov,R/Dubai 2002}) 12... Ne8
13. g3 c5 14. b4 $5 (14. Bg2 b5 15. b4 $5 cxb4 16. c5 dxc5 17. Bxc5 a5 18. O-O
$44 {Vasilevich,T-Kuzmin,A/Gibraltar Masters, Catalan Bay ENG 2004}) 14... b6
15. Bg2 f5 16. O-O Kh8
{
E provavel que este lance seja uma novidade. Antes as pretas jogavam} (
16... Nf6
{De qualquer maneira, as pretas precisam encontrar contra ataques na ala
do rei, enquanto as brancas desenvolverao iniciativa na ala oposta.})
17. Rb1 Ng8 18. Rb3 Ngf6 19. bxc5 bxc5 ({Apos} 19... dxc5 $6 20. Nd3 $5
{
fica bastante dificil para as pretas defenderem os seus fracos Peoes b6 e e5.})
20. Rfb1 {Observe como as brancas possuem iniciativa.} 20... Ra8 21. Bg5 $1
{
Um lance profilatico: as brancas evitam Ch5 com a ideia de f5-f4.}
21... fxe4 22. fxe4 Bc8 23. Nc3 Bd7
{
As pretas nao possuem um plano ativo, por isso elas so podem ficar esperando.}
24. Ra3 Nc7 25. Rab3 Rf7 (
{
E dificil acreditar que as brancas repetiriam a posicao em caso de} 
25... Nce8) 26. Rb7 Rc8 27. Ncd1 $1
{O Cavalo abre caminho para a Dama chegar em a5.} 27... Qf8 28. Qa5 Nfe8
29. Rb8 Nf6 30. Rxc8 Qxc8 31. Qb6 Nce8 32. Qb8 $1
{
Um final sera favoravel as brancas, pois elas possuem maior espaco e podem
penetrar a Torre no campo inimigo atraves da coluna "b". Tambem nao podemos
esquecer que Dreev e um jogador muito forte em finais.}
32... Kg8 33. Qxc8 Bxc8 34. Rb8 Rc7 35. Bd2 $5
{
O Bispo ja cumpriu sua missao em g5. A ameaca agora e 36.Ba5.} 35... Nd7
36. Rb3 Rb7 37. Bh3 Rxb3 38. axb3
{Ate mesmo sem as Torres, a posicao preta nao
esta nada boa. Mais cedo ou mais tarde as brancas vao jogar b3-b4, e as pretas
terao que se virar para defender dois fracos Peoes: a6 e d6.}
38... Nb6 39. Ba5 Bxh3 40. Nxh3 Nc8 41. Ng5 Bh6 42. h4 Nf6 43. Nf2 Bxg5
44. hxg5 Nh5 ({
No caso de} 44... Nd7
{as pretas ficam impossibilitadas de criar qualquer
contra ameaca, pois o Rei branco simplesmente poderia ir ate a coluna "a" para
ganhar o Peao.})
45. Kg2 Kf7 46. Kf3 Ke8 47. Nd3 Ne7 48. b4 cxb4 49. Bxb4 (
{
As pretas abandonaram em vista de} 49. Bxb4 Kd7 50. c5
{
e as brancas ganham o Peao e5.}) 1-0

[Event "Sanjin Hotel Cup"]
[Site "Taiyuan CHN"]
[Date "2004.07.18"]
[Round "2"]
[White "Short, N."]
[Black "Lputian, S."]
[Result "1-0"]
[WhiteElo "2684"]
[BlackElo "2634"]
[Annotator "MI Vladimir Barsky"]
[PlyCount "79"]
[EventDate "2004.07.17"]

1. e4 e6 2. d4 d5 3. Nc3 Bb4 4. e5 c5 5. a3 Bxc3+ 6. bxc3 Ne7 7. h4 $5
{
As principais linhas teoricas comecam apos} (7. Qg4
{mas o lance do texto e
muito interessante e se tornou popular recentemente. As brancas conseguem um
pouco de espaco na ala do rei e preparam o desenvolvimento de sua Torre via h3
ate g3, por exemplo.})
7... Qa5 8. Bd2 Nbc6 9. h5 Bd7 ({No caso de} 9... cxd4 10. cxd4 Qa4
{as brancas poderiam sacrificar um Peao -} 11. Nf3 Nxd4 12. Bd3 Nec6 13. Kf1
Nxf3 14. Qxf3 b6 15. h6
{
com boa compensacao, como na partida Kasparov,G-Anand,V/Linares 1992}) (
{
para mim, o caminho mais logico aqui e bloquear o Peao h5 com} 9... h6
{
e, por exemplo,} 10. Nf3 (10. Rh4 Bd7 11. Rg4 Qc7 12. Nf3 g5 13. hxg6 fxg6
14. Rb1 g5 $132 {Morozevich,A-Pelletier,Y/It, Biel SUI 2003}) 10... Bd7 11. a4
O-O-O 12. Qc1 f6 13. exf6 gxf6 14. Be2 e5 15. Rb1 $13
{
Minasian,A-Lputian,S/Yerevan 1995}) 10. h6 gxh6 11. Nf3 Ng8
{
As pretas nao se apressam em devolver o Peao a mais.} ({O mais comum e} 
11... O-O-O 12. Bd3 c4 13. Be2 Ng8 14. Kf1 f6 15. Qe1 fxe5 16. Nxe5 Nxe5
17. dxe5 Ne7 18. Bxh6 Rhg8 19. Bf3 $14 {Short,N-Psakhis,L/Port Erin 1999})
12. c4 $1
{
Nao ha mais um Cavalo em e7 para defender o Peao d5, por isso as brancas
desejam explorar esta situacao.}
12... Qc7 13. cxd5 exd5 14. dxc5 $5 O-O-O (
{Naturalmente o Peao e5 esta envenenado:} 14... Nxe5 15. Bc3 Nxf3+ 16. Qxf3 f6
17. Qh5+ $16) 15. Be2 Bg4 (15... Nxe5 16. Bc3 Nxf3+ 17. Bxf3 Re8+ (17... f6
18. Qxd5 $16) 18. Kf1 f6 19. Qxd5 $16) 16. Kf1 h5
{Este Peao nao
faz muita coisa sozinho, no entanto ele limita a acao da Torre h1.}
17. Rb1 f6 $5
{Uma ideia interessante: as pretas nao tentam ganhar o Peao e5,
mas elas desejam troca-lo para abrir mais colunas contra o Rei adversario e
completar o seu proprio desenvolvimento rapidamente.}
18. e6
{Parece que Short
tem razao: no caso de 18.exf6 Cxf6 o Cavalo ganha uma boa posicao em e4.}
18... Nge7 19. Ne1 $5 Ne5 20. Nd3 N7g6 21. a4 Rhe8 22. a5 Rxe6
{
Novamente Lputiant nao interrompe o avanco de um molesto Peao.} ({Talvez} 
22... a6 $5) 23. f3 Bf5 24. a6 Nxd3 ({Uma reacao semelhante a anterior:} 
24... bxa6 $6 {- parece mais otimista -} 25. Rxh5 Ne7 26. Nf4 $5 $36) 25. axb7+
Kb8 26. Bxd3 Bxd3+ 27. cxd3 h4 ({Ou} 27... Qxc5 28. Rxh5 $16) 28. d4 Rde8
29. Rb2 R8e7 30. Qc1 a6
{Todas as pecas brancas estao muito bem colocadas, exceto a
Torre h1. Short encontra um plano para inclui-la no jogo.}
31. Rh3 $1 Re8 32. f4 Ne7 33. Qb1 {Agora as brancas possuem vantagem decisiva.}
33... Nc6 34. f5 Re4 35. Rb6 Qd7
{
Uma ultima tentativa, entretanto as brancas podem simplesmente ignora-la.}
36. Rxa6 Qxf5+ 37. Rf3 Re1+ 38. Qxe1 Rxe1+ 39. Bxe1 Qd7 40. Rxf6 1-0

[Event "Aberto da FIDE"]
[Site "Paris"]
[Date "2004.07.11"]
[Round "9"]
[White "Golubev, Mikhail"]
[Black "Salaun, Yann"]
[Result "1-0"]
[WhiteElo "2531"]
[BlackElo "2336"]
[Annotator "GM Mikhail Golubev"]
[PlyCount "83"]
[EventDate "2004.07.??"]
[Source "Chess Today"]
[SourceDate "2004.07.20"]

1. e4 Nf6 2. e5 Nd5 3. d4 d6 4. Nf3 g6 5. Bc4 c6
{Este lance e menos
arriscado do que o popular 5...Cb6, mas, ao mesmo tempo, ele praticamente nao
cria pressoes na posicao branca, que podem lutar pela iniciativa sem ter que
tomar muitas decisoes responsaveis.}
6. O-O Bg7 7. exd6 (
{A troca em d6 e
bastante comum aqui. Nao e facil dizer o que fica diferente mudando a ordem de
jogadas:} 
7. h3 O-O 8. exd6
{Na partida Kasparov-Ivanchuk, Las Palmas
1996, as pretas usaram uma outra possibilidade:}
8... exd6 $5 {.}) 7... Qxd6 8. h3 ({Evitando ...Bg4. Outra linha e} 8. Re1 O-O
9. Bg5 {
como era jogado por Smyslov e Tal} ({tambem e possivel} 9. Nbd2
{- e para a
ha surpresa, eu percebi que esta foi a continuacao da partida Golubev-Pesotsky,
Kiev NIKA 1997. Depois de}
9... Bg4 10. h3 Bxf3 11. Nxf3 Nd7 12. Bg5 e5
{
(12...e6!? se enquadra melhor no espirito da posicao)} 13. dxe5 Nxe5
14. Nxe5 Bxe5 15. c3 $14)) 8... O-O 9. Re1 ({Tambem era razoavel} 9. Nbd2 $5
{, entretan
to eu creio que em alguns casos (por exemplo o hipotetico Bb3 seguido do
avanco c2-c4), o Cavalo pode ir para c3.})
9... b5 10. Bb3 (10. Bxd5 $6 cxd5 11. Qe2 Nc6 $1) 10... Nd7
{Aqui as continuacoes normais das brancas
sao 11.Cbd2 (como foi jogado por Svidler contra Akopian), ou 11.a4. Mas eu nao
pude deixar de jogar algo mais concreto.}
11. Bxd5 $5 cxd5 12. Qe2
{
Capturando em d5, as brancas eliminaram todos os seus trunfos posicionais, mas
(como ...Cc6 e impossivel) elas devem ganhar um Peao agora. Em troca as pretas
conseguiram uma significativa vantagem de desenvolvimento. Porem o Rei branco
esta seguro e as pretas nao possuem um claro alvo para o ataque, por isso eu
acreditei que os meus conceitos nao estavam totalmente errados. De um modo
geral, esta posicao e jogavel para ambos os lados.}
12... Re8 $146 (12... Qc6 $6 13. Qxe7 Qxc2
{permite que as pretas conservem (temporariamente?) o
equilibrio material, no entanto depois de}
14. Nc3
{as brancas estao melhores.
Estranho e que isto ocorreu na partida R.Jones-Baburin, 4NCL 2002/03. Eu
suspeito que Baburin nao estava muito concentrado, jogando com um adversario
de rating mais baixo}) (
{uma alternativa e} 12... e6 13. Qxb5 Ba6
{
, planejando ...Tfc8 e ...Tab8, contudo, o lance do texto e o mais testado,
pois as pretas preparam a ruptura do centro mais rapidamente por meio de ...e5.
})
13. Qxb5 Ba6 14. Qa4 $1 (
{
Eu poderia ter preferido colocar minha Dama em a5, mas apos} 14. Qa5 $6
{
o lance} 14... e5 $1 15. dxe5 Nxe5
{
deixa as pretas com uma fantastica compensacao. E util dizer que a alternativa}
16. Nxe5 Bxe5 17. Rxe5 $2 Rxe5 18. Bf4 {e refutada por} 18... Qb6 $1 19. Qxb6
Re1+ {e 20...axb6.}) 14... e5
{Uma boa, mas muito complexa questao
e se nao era melhor esperar um pouco para realizar este avanco, e primeiro
jogar 14...Tac8 ou 14...Tbc8.} (
{o lance} 14... f6 $5 {pode ser retrucado por} 15. Nc3 $1 {com a ideia de}
15... e5 $6 16. Nxd5 $16) 15. dxe5 Nxe5 16. Nxe5 Rxe5 $1 (
{As pretas corretamente percebem que apos} 16... Bxe5 17. Bf4 $1 $16
{(a ideia por tras de 14.Da4) a sua iniciativa acaba.}) 17. Rxe5 Bxe5
{Agora as brancas, para nao serem massacradas, precisam urgentemente resolver
o problema com a ala da dama. O lance 18.c3?! d4 permite que as pretas abram a
posicao, por isso o Cavalo deve ser desenvolvido primeiro. Naturalmente nao
para a3, mas a escolha entre as outras duas casas nao e facil.}
18. Nc3 $2 {
Um grande equivoco!} ({O mais natural} 18. Nd2 $1 $14
{era a minha primeira
intencao, e as analises mostram que as brancas podem ficar ligeiramente
superiores nesta linha:}
18... Rb8 $5 (18... Bb7 19. Nf3 d4 20. Nxe5 Qxe5 21. Bd2
{faz as pretas lutarem somente pelo empate}) ({eu nao gosto de} 18... Be2
{
mas apos} 19. Nb3 $1
{
com a ideia de 20.c3, a compensacao preta e posta em xeque}) 19. c3 (
{depois de
} 19. Nf3 Bxb2 20. Bxb2 Rxb2 21. Re1 Kg7 $1
{
provavelmente as pretas igualam}) (19. Nb3 $5) 19... d4 20. Nf3 $1 dxc3
21. Nxe5 cxb2 ({ou} 21... Qxe5 22. Bf4 $1 $14) 22. Bxb2 Rxb2 23. Qe8+ ({se} 
23. Re1 {, entao novamente} 23... Kg7 $1) 23... Qf8 24. Qd7 Rxf2 $5
{
e parece que as pretas ainda precisam resolver alguns problemas apos} (
24... Rb7 25. Qc6 Rb6 26. Qc7 Rb7 27. Qc3 $14) 25. Qd4 $5 ({mas nao} 25. Kxf2
Qc5+ $11 {com igualdade})) 18... d4 $2
{Por sua vez, as pretas tambem se
enganam. Nao havia necessidade de pressa, pois as brancas nao precisam de um,
mas de dois lances para completar o desenvolvimento.} (
{Evidentemente} 18... Bxc3 $2 19. bxc3
{nao leva a um empate facil - a ala do rei preta esta
enfraquecida, e o Peao a mais das brancas tambem deve ser levado em conta}) (
{
mas era realmente bom} 18... Bb7 $1
{
com uma gigantesca compensacao pelo Peao. Eu planejei responder com} 19. Be3
{
, deixando de ver um lance extremamente forte} 19... Bc6 $1
{
, apos o qual as brancas passam a enfrentar problemas:} ({nao} 19... d4 $6
20. Rd1 Bc6 21. Qc4 $1 Qc7 22. Rxd4) 20. Qh4 (20. Qa6 $2 {perde para}
20... Bh2+ 21. Kh1 d4 {com a ideia de 22...Bxg2+}) (20. Qa5
{
leva a um desagradavel final para as brancas, na linha forcada} 20... d4
21. Rd1 Re8 $1 22. Ne2 Bxg2 $1 23. Kxg2 Qc6+ 24. f3 dxe3 25. Rd8 Rxd8 26. Qxd8+
Kg7 $15) ({dificilmente bom e} 20. Qg4 f5 $1) 20... d4 21. Rd1 Re8 $1 $15
{e novamente as chances pretas podem ser preferiveis.
O principal ponto desta complicada variante e que 18. Cc3? permitiu que as
pretas melhorassem a posicao de seu Bispo, e, ao mesmo tempo, restringisse o
Cavalo branco}) (
{o lance} 18... Rb8 $5
{
tambem era mais promissor do que a continuacao da partida.}) 19. Ne4 $14 Qb6 (
{Depois de} 19... Qd5 20. Nf6+ $1 ({nada especial para as brancas e} 20. Qxa6
Qxe4 21. Bh6 Qxc2 22. Re1 Bg7 23. Rc1 Qf5 24. Bxg7 Kxg7) 20... Bxf6 21. Qxa6
Qe6 22. Qxe6 fxe6 23. Bd2 {o final e dificil para as pretas.}) 20. Bh6 $5
{As brancas devolvem o Peao, mas comecam a jogar ativamente.} (
{
Com uma ideia parecida, o lance} 20. Bg5
{
tambem merece atencao. As pretas podem tentar} 20... Qxb2 21. Re1 Qb6
22. Qa3 Bb5 {preparando} 23. Qe7 $2 Re8 $1 {com posicao boa para a luta.})
20... Qxb2 21. Re1 Qb5 $1 ({As outras alternativas nao sao jogaveis:} 21... Bb5
$2 22. Qa5 {(a ameaca e 23.Bc1!)} 22... a6 23. a4 $1 Qa3 24. Qb6 $18) ({ou} 
21... Qb6 $2 22. Ng5 $1 $18) 22. Qa3 Bb7 $1 23. f4 $5
{
Uma tentativa de complicar a posicao.} ({Objetivamente mais forte era} 
23. Nd6 Bxd6 24. Qxd6 Qd5 25. Qxd5 Bxd5 26. a3 $14 {, mas apos} 26... Rc8 $5
{
as chances brancas de conseguir uma vitoria nao sao muito grandes} (
26... Be6 27. Rd1 Rd8 28. Be3 $1 {no minimo ganha um Peao para as brancas})) (
{
perceba que} 23. Qc5 {e respondido por} 23... Bc6 $1) 23... Bg7 $5 (
23... Bh8 24. Nd6 Qd5 25. Nxb7 Qxb7 26. Re7 Qb8
{
parece um pouco estranho, mas e possivel que as pretas estejam bem aqui}) (
{
eu esperava por} 23... Bxe4 24. Rxe4 (24. fxe5 $6 Qxe5 $1) 24... Bf6
{
onde apos} 25. Qd6 Qb6 26. Qd7 Qd8 27. Qc6 (27. Qa4 $5) 27... Bg7 $5 (
{e nao} 27... Rc8 $4 28. Re8+ $1) 28. Bxg7 Kxg7
{
as pretas ficam com uma posicao arruinada.}) 24. Bxg7 Kxg7 25. Qd6 Qd5 $6 (
{As pretas poderiam ter resolvido todos os seus problemas com} 25... Re8 $1
26. Qf6+ $1 ({se} 26. Qxd4+ $2 f6 $1 27. Qxf6+ Kg8 28. Qd4 Qc6 $1
{
as brancas perdem uma peca e devem lutar pelo empate apos} 29. Qxa7 Rxe4
30. Rxe4 Qxe4 31. Qf2) 26... Kh6 $5 ({menos exato e} 26... Kg8 27. Qxd4 Bxe4
28. Rxe4 Rxe4 29. Qxe4 Qb1+ 30. Kh2 Qxa2 31. c4 {, etc.}) 27. Nd6 $1 Rxe1+
28. Kh2 Re2 $1 ({nao} 28... Rh1+ $2 29. Kg3 $1) 29. Nxb5 Rxg2+ $11
{com xeque perpetuo.}) 26. Qf6+ (26. c4 {e parado por} 26... dxc3 $1 27. Qf6+
Kh6 $1 {com a ideia} 28. g4 $6 Rd8 $1 29. g5+ Kh5 30. Qxc3 Qd4+ 31. Qxd4 Rxd4) (
{depois de} 26. Re2 $5 {as pretas poderiam continuar} 26... Bc6
{
, como na partida.}) 26... Kg8 (26... Kh6 $2 27. g4 $18) 27. Qe7 Kg7 28. Re2
$1 (28. c4 dxc3 29. Qf6+ Kh6 $1 {transpoe para o comentario do lance 26.})
28... Bc6 $1 {As pretas devem se defender contra a ameaca 29.Cf6, 30.Ce8+.}
29. Qf6+ ({Aqui} 29. c4 $5 {com a ideia} 29... Qd8 30. Nd6 Qxe7 31. Rxe7
{
era interessante.}) 29... Kg8 30. Qh4 (
{
Uma fuga nao muito inteligente. Era melhor:} 30. Nd6 $5) 30... Qd8 $2
{
Felizmente as pretas cometem um grave erro.} ({Depois de} 30... Kg7
{
eu repetiria a posicao com} 31. Qf6+ {, e depois jogaria o Cd6.} (
{o assustador
} 31. Nf6 $6 Qf5 32. Qxh7+ $2 Kxf6 33. g4 Qxf4 34. Rf2
{perde para} 34... Bf3 {, algo que eu so vi mais tarde})) ({mas} 30... Qf5 $1
{
forca as brancas a jogarem} 31. Ng3 (31. Nd6 Qc5 $1 32. Qf6 d3+ 33. Kh2 dxe2
34. Qxf7+ {empata}) ({e} 31. Nf6+ $6 Kg7 {ja foi discutido acima})) 31. Nf6+ $1
{Agora este lance funciona!} 31... Kg7 32. Qxh7+ Kxf6 33. g4 $16
{
As pretas sao forcadas a sacrificar a sua Dama para nao levar mate.}
33... Qd5 (33... Qg8 $2 {(ou 33...Bd5?) perdem para} 34. g5+ Kf5 35. Qh4) (
{apos} 33... Qc7 {as brancas jogam} 34. Re5 ({ou} 34. g5+ Kf5 35. Re5+ Kxf4
36. Qh4+ Kxe5 37. Qg3+)) 34. g5+ Kf5 35. Re5+ Kxf4 (35... Qxe5 $2 36. Qxf7+)
36. Rxd5 Bxd5 37. Qh4+ Ke5 38. Qg3+ {O Rei esta muito vulneravel no centro.}
38... Ke4 ({A alternativa era} 38... Ke6
{
, no entanto nao esta claro como as pretas podem organizar uma boa defesa apos}
39. Qf4 Rd8 40. Qxd4) 39. Kf2 a5 $2 (
{No apuro de tempo, as pretas
deixam escapar a unica oportunidade para continuar lutando:} 
39... Rg8 $3
{
, escondendo a Torre dos perigosos xeques. Eu suspeito que as brancas ainda
estejam ganhasapos}
40. Qd3+ Ke5 41. c3 dxc3 42. Qxc3+
{
, etc., mas as coisas nao teriam sido tao simples.}) 40. Qf3+ Ke5 41. Qf6+
Ke4 42. Kg3 $1
{
Agora a ameaca e Df4 mate, e se o Bispo mover, as brancas jogam Df3+.} 1-0